000 00538 a2200157 4500
999 _c4968
_d4968
020 _a9781461418696
050 _aRC514 LAK 2012
100 _aLake, Raymond C.
_eauthor
245 _aschizophrenia is a misdiagnosis :
_bimplications for the dsm-5 and the icd-11 /
_cC. Raymond Lake
264 _aNew York :
_bSpringer,
_c2012
300 _axxviii, 425p. :
_bill.
500 _aIncludes bibliographical references and index
650 _aSchizophrenia
_xDiagnosis
856 _uDOI 10.1007/978-1-4614-1870-2
942 _2lcc
_cBK
_h514
_iLAK
_kRC